00719nam a22002057a 450000500170000001000150001702000270003203500140005903700130007308200100008610000230009624500520011926000390017127000650021030000220027550000490029794200240034699900190037095201240038920170706123647.0 aENG-119120 a9789384247942c1225.00 aEN-102652 bDBAD/PUB a506.3 aGurao, Rajendra G. aElememts of data mining /cby Rajendra G. Gurao bchandralok prakashanc2016akanpur a132, shivram kripa, mayur park basant vihar,bkanpure208021 a340.p. c21cm(Hb) aincludes bibliographical refrences and index 2ddccENh506.3mGUR c142325d142325 001040718NFICaDBADbBNd2017-07-06eDBAD/PUBg1225.00l0o506.3 GURpEN-102652r2017-07-06 00:00:00t1v1225.00yEN